The second jungle book (Record no. 9008)

MARC details
000 -LEADER
fixed length control field 00830nam a22002177a 4500
003 - CONTROL NUMBER IDENTIFIER
control field OSt
005 - DATE AND TIME OF LATEST TRANSACTION
control field 20260312034135.0
008 - FIXED-LENGTH DATA ELEMENTS--GENERAL INFORMATION
fixed length control field 260312b |||||||| |||| 00| 0 eng d
020 ## - INTERNATIONAL STANDARD BOOK NUMBER
International Standard Book Number 81-8252-252-8
040 ## - CATALOGING SOURCE
Original cataloging agency DWCL GS lib
Transcribing agency OC
082 ## - DEWEY DECIMAL CLASSIFICATION NUMBER
Classification number K57 2005
100 ## - MAIN ENTRY--PERSONAL NAME
Personal name KIPLING, RUDYARD
245 ## - TITLE STATEMENT
Title The second jungle book
Statement of responsibility, etc. RUDYARD KIPLING
260 ## - PUBLICATION, DISTRIBUTION, ETC.
Place of publication, distribution, etc. Mumbai, India
Name of publisher, distributor, etc. A Wilco Book
Date of publication, distribution, etc. 1895
300 ## - PHYSICAL DESCRIPTION
Extent 198 p
Dimensions 18cm
520 ## - SUMMARY, ETC.
Summary, etc. continues Mowgli's journey through the Indian jungle, exploring his maturity, increased wisdom, and final transition into the human world.
650 ## - SUBJECT ADDED ENTRY--TOPICAL TERM
Topical term or geographic name entry element continuation of The Jungle Book, focusing on Mowgli’s maturity.
650 ## - SUBJECT ADDED ENTRY--TOPICAL TERM
Topical term or geographic name entry element true strength comes from community, mutual respect, and adhering to social order, rather than just raw power.
700 ## - ADDED ENTRY--PERSONAL NAME
Personal name RUDYARD KIPLING
942 ## - ADDED ENTRY ELEMENTS (KOHA)
Source of classification or shelving scheme Dewey Decimal Classification
Koha item type Fiction
Suppress in OPAC No

No items available.